[Event "Titled Tuesday intern op 23rd Apr Late"]
[Site "Chess.com INT"]
[Date "2024.04.23"]
[Round "2"]
[White "Silva, Pedro Gil Ferreira"]
[Black "Nunez Hirales, Juan Alejandro"]
[Result "1-0"]
[WhiteElo "2237"]
[BlackElo "1955"]
[PlyCount "67"]
[EventDate "2024.04.23"]
[EventType "swiss (blitz)"]
[EventRounds "11"]
[EventCountry "USA"]
[SourceTitle "CB18_2024"]
[SourceDate "2024.05.01"]
[SourceVersion "1"]
[SourceVersionDate "2024.05.01"]
[SourceQuality "2"]

1. c4 e6 2. Nf3 d5 3. g3 Nf6 4. Bg2 Be7 5. 0-0 0-0 6. b3 b6 7. Bb2 Bb7 8. d3 Nbd7 9. Nc3 c5 10. cxd5 Nxd5 11. Nxd5 Bxd5 12. d4 cxd4 13. Qxd4 Bf6 14. Qd2 Bxb2 15. Qxb2 Qf6 16. Qxf6 Nxf6 17. Rfd1 Rfd8 18. Ne5 Bxg2 19. Kxg2 Rxd1 20. Rxd1 Rc8 21. Nc6 Kf8 22. Ne5 Ke7 23. Rd2 Rc7 24. h4 Nd5 25. e4 Nf6 26. f3 h5 27. Kf2 g6 28. Ke3 Rc3+ 29. Kf2 Rc7 30. Ke3 Rc3+ 31. Kf4 Rc7 32. b4 Ne8 33. b5 Nd6 34. Nc6+ 1-0

[Event "Titled Tuesday intern op 23rd Apr Late"]
[Site "Chess.com INT"]
[Date "2024.04.23"]
[Round "5"]
[White "Stillger, Bernhard"]
[Black "Nunez Hirales, Juan Alejandro"]
[Result "1-0"]
[WhiteElo "2256"]
[BlackElo "1955"]
[PlyCount "59"]
[EventDate "2024.04.23"]
[EventType "swiss (blitz)"]
[EventRounds "11"]
[EventCountry "USA"]
[SourceTitle "CB18_2024"]
[SourceDate "2024.05.01"]
[SourceVersion "1"]
[SourceVersionDate "2024.05.01"]
[SourceQuality "2"]

1. Nf3 d5 2. g3 Nc6 3. d4 Bf5 4. Bg2 e6 5. c4 Nf6 6. 0-0 Be7 7. Ne5 0-0 8. Nc3 Nxe5 9. dxe5 Ne4 10. cxd5 Nxc3 11. bxc3 exd5 12. Qxd5 c6 13. Qxd8 Rfxd8 14. Be3 Be6 15. a4 Bc4 16. Bf3 a6 17. a5 Rd7 18. Rab1 Bd8 19. Bb6 Bg5 20. Bg4 Re7 21. f4 Bh6 22. Bc5 Ree8 23. Rxb7 f5 24. Bxf5 Bxe2 25. Rfb1 Bb5 26. Rd1 g6 27. Bg4 Rad8 28. Rdd7 Rxd7 29. Bxd7 Rd8 30. e6 1-0

[Event "Titled Tuesday intern op 16th Apr Late"]
[Site "Chess.com INT"]
[Date "2024.04.16"]
[Round "5"]
[White "Nunez Hirales, Juan Alejandro"]
[Black "Bold, Andre"]
[Result "0-1"]
[WhiteElo "1955"]
[BlackElo "2218"]
[PlyCount "78"]
[EventDate "2024.04.16"]
[EventType "swiss (blitz)"]
[EventRounds "11"]
[EventCountry "USA"]
[SourceTitle "CB17_2024"]
[SourceDate "2024.04.24"]
[SourceVersion "1"]
[SourceVersionDate "2024.04.24"]
[SourceQuality "1"]

1. d4 d5 2. Nc3 Nf6 3. Bf4 e6 4. Nb5 Na6 5. e3 Bb4+ 6. c3 Ba5 7. a4 Ne4 8. Bd3 0-0 9. Ne2 c6 10. Na3 Bc7 11. 0-0 Bxf4 12. Nxf4 Nd6 13. Bxa6 bxa6 14. Nc2 a5 15. Nd3 Ba6 16. Re1 Bxd3 17. Qxd3 Rb8 18. b4 Nc4 19. Reb1 Qd6 20. e4 Qf4 21. e5 f6 22. g3 Qh6 23. exf6 Qxf6 24. f4 g5 25. Rf1 Qg7 26. f5 exf5 27. Rxf5 Rxf5 28. Qxf5 Rf8 29. Qe6+ Qf7 30. Qxf7+ Rxf7 31. b5 cxb5 32. axb5 Rb7 33. Re1 Rxb5 34. Re7 a6 35. Rd7 a4 36. Ra7 Rb2 37. Nb4 a5 38. Nxd5 a3 39. Nf6+ Kf8 0-1

[Event "Titled Tuesday intern op 02nd Apr Early"]
[Site "Chess.com INT"]
[Date "2024.04.02"]
[Round "9"]
[White "Villabrille, Roberto"]
[Black "Nunez Hirales, Juan Alejandro"]
[Result "0-1"]
[WhiteElo "2140"]
[BlackElo "1955"]
[PlyCount "86"]
[EventDate "2024.04.02"]
[EventType "swiss (blitz)"]
[EventRounds "11"]
[EventCountry "USA"]
[SourceTitle "CB15_2024"]
[SourceDate "2024.04.10"]
[SourceVersion "1"]
[SourceVersionDate "2024.04.10"]
[SourceQuality "1"]

1. d4 d5 2. Nf3 Nc6 3. Bf4 Bg4 4. e3 e6 5. Nbd2 Bd6 6. Bg3 Nge7 7. c3 Nf5 8. Bd3 Nxg3 9. hxg3 h6 10. Qb3 Rb8 11. e4 dxe4 12. Nxe4 0-0 13. 0-0-0 Be7 14. Rde1 b6 15. Qc2 Na5 16. Ne5 Bf5 17. g4 Bxe4 18. Bxe4 c5 19. dxc5 bxc5 20. f4 Qc7 21. Rd1 Rfd8 22. Bh7+ Kf8 23. Be4 Rb6 24. g3 Bf6 25. Qa4 Bxe5 26. fxe5 Nb7 27. Bxb7 Rxb7 28. Rxd8+ Qxd8 29. Rd1 Qg5+ 30. Qf4 Ke7 31. Qxg5+ hxg5 32. Kc2 f6 33. exf6+ gxf6 34. Re1 e5 35. b3 Ke6 36. Kd3 Rd7+ 37. Kc4 Rd2 38. a4 Rg2 39. Re3 Rb2 40. Rf3 Ke7 41. a5 a6 42. Kxc5 Rxb3 43. Kc4 Rb1 0-1

[Event "FIDE World Cup Mexico Qual"]
[Site "Mexico City"]
[Date "2021.05.28"]
[Round "4"]
[White "Montes Orozco, Miguel Angel"]
[Black "Nunez Hirales, Juan Alejandro"]
[Result "1-0"]
[WhiteElo "1679"]
[BlackElo "2019"]
[PlyCount "81"]
[EventDate "2021.05.26"]
[EventType "swiss"]
[EventRounds "9"]
[EventCountry "MEX"]
[SourceTitle "CBM 202 Extra"]
[Source "ChessBase"]
[SourceDate "2021.07.31"]
[SourceVersion "1"]
[SourceVersionDate "2021.07.31"]
[SourceQuality "1"]

1. d4 d5 2. c4 Nc6 3. e3 e5 4. dxe5 d4 5. exd4 Qxd4 6. Qxd4 Nxd4 7. Bd3 Ne7 8. Be3 Bf5 9. Bxd4 Bxd3 10. Nd2 Nc6 11. Bc3 Nb4 12. Bxb4 Bxb4 13. 0-0-0 0-0-0 14. a3 Bxd2+ 15. Rxd2 Bxc4 16. Nf3 Bd5 17. Nd4 Rhe8 18. f4 g5 19. Rhd1 gxf4 20. Nf5 c6 21. Nd6+ Rxd6 22. exd6 Kd7 23. Rf2 Re4 24. Rdf1 Rc4+ 25. Kd2 Rd4+ 26. Kc3 Rc4+ 27. Kd3 f3 28. gxf3 Kxd6 29. Rg1 Rh4 30. b4 Rf4 31. Rg4 Rf6 32. Rh4 Be6 33. Kd4 h6 34. f4 Bf5 35. Re2 h5 36. h3 Bg6 37. Re5 b6 38. f5 Bxf5 39. Rf4 c5+ 40. bxc5+ bxc5+ 41. Rxc5 1-0

[Event "FIDE World Cup Mexico Qual"]
[Site "Mexico City"]
[Date "2021.05.28"]
[Round "5"]
[White "Nunez Hirales, Juan Alejandro"]
[Black "Santos Medrano, Jose"]
[Result "0-1"]
[WhiteElo "2019"]
[BlackElo "1772"]
[PlyCount "90"]
[EventDate "2021.05.26"]
[EventType "swiss"]
[EventRounds "9"]
[EventCountry "MEX"]
[SourceTitle "CBM 202 Extra"]
[Source "ChessBase"]
[SourceDate "2021.07.31"]
[SourceVersion "1"]
[SourceVersionDate "2021.07.31"]
[SourceQuality "1"]

1. d4 d5 2. Nc3 Nf6 3. Bf4 c6 4. e3 Bf5 5. f3 e6 6. g4 Bg6 7. h4 h5 8. g5 Ng8 9. Bd3 Bxd3 10. Qxd3 Bd6 11. Nge2 Ne7 12. 0-0-0 Ng6 13. Bxd6 Qxd6 14. e4 Nd7 15. Kb1 Nb6 16. exd5 cxd5 17. Nc1 Nc8 18. Rde1 Nce7 19. Nd1 a5 20. Ne3 a4 21. Qb5+ Qd7 22. Qxd7+ Kxd7 23. Nd3 b6 24. c3 Rhe8 25. f4 Nf5 26. Nxf5 exf5 27. Ne5+ Nxe5 28. dxe5 g6 29. Rd1 Ke6 30. Rd4 Rec8 31. Rhd1 Rc5 32. c4 Rxc4 33. Rxd5 Rxf4 34. Rb5 Rb8 35. a3 Rxh4 36. Rd6+ Ke7 37. Rf6 Re4 38. Rc6 Rb7 39. Rc8 h4 40. Rh8 Rg4 41. Rd5 Rd7 42. Rb5 Rd8 43. Rh7 Rb8 44. Rd5 Ke6 45. Rb5 Re4 0-1

[Event "FIDE World Cup Mexico Qual"]
[Site "Mexico City"]
[Date "2021.05.27"]
[Round "2"]
[White "Hernandez Morales, Dillan"]
[Black "Nunez Hirales, Juan Alejandro"]
[Result "1/2-1/2"]
[WhiteElo "1761"]
[BlackElo "2019"]
[PlyCount "100"]
[EventDate "2021.05.26"]
[EventType "swiss"]
[EventRounds "9"]
[EventCountry "MEX"]
[SourceTitle "CBM 202 Extra"]
[Source "ChessBase"]
[SourceDate "2021.07.31"]
[SourceVersion "1"]
[SourceVersionDate "2021.07.31"]
[SourceQuality "1"]

1. c4 Nc6 2. Nc3 e5 3. Nf3 Bc5 4. e3 d6 5. d4 exd4 6. exd4 Bb6 7. Be2 Bg4 8. 0-0 Nge7 9. d5 Bxf3 10. Bxf3 Ne5 11. Be2 0-0 12. Na4 Rc8 13. Nxb6 cxb6 14. b3 Qc7 15. Kh1 f5 16. f4 Nd7 17. Bb2 Rf7 18. Rc1 Nf6 19. Bd3 Re8 20. Re1 Qc5 21. Qf3 Kf8 22. g3 Ng4 23. h3 Qf2 24. Qg2 Qxg2+ 25. Kxg2 Nh6 26. Kf3 Nc8 27. Rxe8+ Kxe8 28. g4 g6 29. Re1+ Kd7 30. g5 Ng8 31. h4 Nge7 32. h5 gxh5 33. Bf6 Rf8 34. Rh1 b5 35. Rxh5 bxc4 36. bxc4 Rf7 37. Rh6 Kc7 38. Bxe7 Nxe7 39. Rf6 Rg7 40. Bxf5 Kb6 41. Bd3 Kc5 42. a4 Kd4 43. Ke2 Kc5 44. Kd2 Ng6 45. Kc3 a5 46. Bc2 Ne7 47. Be4 Ng6 48. Bd3 Ne7 49. Rf8 Ng6 50. Rc8+ Kb6 1/2-1/2

[Event "FIDE World Cup Mexico Qual"]
[Site "Mexico City"]
[Date "2021.05.26"]
[Round "1"]
[White "Nunez Hirales, Juan Alejandro"]
[Black "Gonzalez Zamora, Juan Carlos"]
[Result "0-1"]
[WhiteElo "2019"]
[BlackElo "2540"]
[PlyCount "47"]
[EventDate "2021.05.26"]
[EventType "swiss"]
[EventRounds "9"]
[EventCountry "MEX"]
[SourceTitle "CBM 202 Extra"]
[Source "ChessBase"]
[SourceDate "2021.07.31"]
[SourceVersion "1"]
[SourceVersionDate "2021.07.31"]
[SourceQuality "1"]

1. d4 Nf6 2. Nc3 d5 3. Bf4 a6 4. e3 e6 5. Nf3 c5 6. dxc5 Bxc5 7. Bd3 Nc6 8. 0-0 h6 9. Re1 0-0 10. h3 Re8 11. Bg3 Bb4 12. a3 Bxc3 13. bxc3 e5 14. Nd2 Be6 15. e4 Rc8 16. exd5 Nxd5 17. c4 Nf4 18. Be4 Qf6 19. Rb1 Red8 20. Rxb7 Na5 21. Rb4 Nxc4 22. Rxc4 Bxc4 23. Bc6 Re8 24. Be4 0-1

[Event "Chihuahua Bionext op"]
[Site "Chihuahua City"]
[Date "2019.11.30"]
[Round "4"]
[White "Nunez Hirales, Juan Alejandro"]
[Black "Rodriguez Rivera, Pedro"]
[Result "0-1"]
[WhiteElo "2016"]
[BlackElo "2188"]
[PlyCount "87"]
[EventDate "2019.11.28"]
[EventType "swiss"]
[EventRounds "7"]
[EventCountry "MEX"]
[SourceTitle "CBM 193 Extra"]
[Source "ChessBase"]
[SourceDate "2020.01.31"]
[SourceVersion "1"]
[SourceVersionDate "2020.01.31"]
[SourceQuality "1"]

1. d4 d6 2. Bg5 Nd7 3. Nf3 Ngf6 4. e3 e6 5. c4 Be7 6. Nc3 h6 7. Bh4 c6 8. Qc2 a6 9. a4 a5 10. Be2 0-0 11. 0-0 Nh5 12. Bxe7 Qxe7 13. Nd2 Nhf6 14. Bf3 Nb8 15. d5 Na6 16. dxc6 bxc6 17. Nde4 Nd7 18. Rfd1 d5 19. cxd5 cxd5 20. Ng3 Nb4 21. Qb1 Nc5 22. Be2 Ba6 23. Bxa6 Rxa6 24. e4 d4 25. Nb5 d3 26. Ra3 Qb7 27. Nc3 Nc2 28. Ra2 Rc8 29. Rxd3 Nxd3 30. Qxc2 Nb4 31. Qb3 Rb6 32. Ra1 Nd3 33. Nb5 Nc5 34. Qa3 Qd7 35. Rc1 Nxe4 36. Rxc8+ Qxc8 37. Qe3 Nxg3 38. hxg3 Rc6 39. Kh2 Rc5 40. Na7 Rh5+ 41. Kg1 Qc2 42. Qe1 Rd5 43. Kh2 Qxb2 44. Kg1 0-1

[Event "Los Angeles Metropolitan 9th"]
[Site "Los Angeles"]
[Date "2011.07.31"]
[Round "8"]
[White "Nunez Hirales, Juan Alejandro"]
[Black "Coleman, Teddy"]
[Result "0-1"]
[WhiteElo "2078"]
[BlackElo "2285"]
[PlyCount "80"]
[EventDate "2011.07.27"]
[EventType "tourn"]
[EventRounds "9"]
[EventCountry "USA"]
[EventCategory "2"]
[SourceTitle "CBM 143 Extra"]
[Source "ChessBase"]
[SourceDate "2011.08.29"]
[SourceVersion "1"]
[SourceVersionDate "2011.08.29"]
[SourceQuality "1"]

1. e4 c5 2. Nf3 e6 3. d4 cxd4 4. Nxd4 a6 5. Bd3 Bc5 6. c3 d6 7. Be3 Nf6 8. Nd2 Qc7 9. 0-0 Nc6 10. Kh1 Ne5 11. Be2 h5 12. f3 d5 13. Bg1 dxe4 14. Nxe4 Nxe4 15. fxe4 Bd6 16. Nf3 Nxf3 17. Bxf3 Bd7 18. Qd4 Be5 19. Qb4 g5 20. Be2 g4 21. Rad1 Bc6 22. Bb6 Qe7 23. Qxe7+ Kxe7 24. Bc5+ Ke8 25. Bd3 Rd8 26. Bc2 Rxd1 27. Rxd1 Bc7 28. Be3 f6 29. Rf1 Kf7 30. Bg5 Be5 31. Bxf6 Bxf6 32. e5 Rh6 33. Rxf6+ Rxf6 34. exf6 h4 35. Kg1 g3 36. hxg3 hxg3 37. Bd1 Kxf6 38. Bf3 Bb5 39. Bxb7 Bd3 40. b3 e5 0-1

[Event "Los Angeles Metropolitan 9th"]
[Site "Los Angeles"]
[Date "2011.07.29"]
[Round "4"]
[White "Banawa, Joel Cholo"]
[Black "Nunez Hirales, Juan Alejandro"]
[Result "1-0"]
[WhiteElo "2374"]
[BlackElo "2078"]
[PlyCount "61"]
[EventDate "2011.07.27"]
[EventType "tourn"]
[EventRounds "9"]
[EventCountry "USA"]
[EventCategory "2"]
[SourceTitle "CBM 143 Extra"]
[Source "ChessBase"]
[SourceDate "2011.08.29"]
[SourceVersion "1"]
[SourceVersionDate "2011.08.29"]
[SourceQuality "1"]

1. c4 e6 2. Nf3 d5 3. d4 c6 4. g3 Nf6 5. Bg2 Bd6 6. 0-0 0-0 7. Nc3 Nbd7 8. Nd2 Re8 9. e4 dxe4 10. Ndxe4 Nxe4 11. Nxe4 Be7 12. Bf4 Nf6 13. Nc3 Bd6 14. Be3 Qc7 15. Rc1 Bd7 16. Bg5 Be7 17. Re1 Rad8 18. Qb3 Bc8 19. Red1 Qa5 20. Bf4 Bd6 21. Bxd6 Rxd6 22. d5 exd5 23. cxd5 Bg4 24. Re1 Rxe1+ 25. Rxe1 Qd8 26. Qxb7 cxd5 27. Nxd5 Nxd5 28. Bxd5 Bh5 29. Qb5 Rd7 30. Kg2 Bg6 31. Bc6 1-0

[Event "Mexican op 54th"]
[Site "Aguascalientes"]
[Date "2008.03.18"]
[Round "1"]
[White "Gonzalez Zamora, Juan Carlos"]
[Black "Nunez Hirales, Juan Alejandro"]
[Result "1-0"]
[WhiteElo "2556"]
[BlackElo "2129"]
[PlyCount "101"]
[EventDate "2008.03.18"]
[EventType "swiss"]
[EventRounds "9"]
[EventCountry "MEX"]
[SourceTitle "CBM 123 Extra"]
[Source "ChessBase"]
[SourceDate "2008.05.06"]
[SourceVersion "1"]
[SourceVersionDate "2008.05.06"]
[SourceQuality "1"]

1. d4 d5 2. Nf3 Nf6 3. c4 c6 4. e3 a6 5. Bd3 b5 6. b3 Bg4 7. Nbd2 e6 8. 0-0 Bd6 9. Bb2 Nbd7 10. Qc2 Rc8 11. Ne5 Bh5 12. Rac1 0-0 13. h3 Bg6 14. Nxg6 hxg6 15. c5 Bc7 16. f4 Re8 17. Nf3 Nh5 18. Bc3 Ng3 19. Rfd1 Nf5 20. Qf2 f6 21. g4 Ne7 22. Kh1 Kf7 23. Kg2 Rh8 24. Rh1 Nf8 25. Rcg1 Nd7 26. Kf1 Qg8 27. Ke1 Ke8 28. b4 Nf8 29. Kd2 Kd7 30. a4 Ra8 31. Ra1 Nh7 32. h4 Rb8 33. Qe2 Qf7 34. axb5 axb5 35. Ra6 Rb7 36. Rha1 Rhb8 37. Rg1 Rg8 38. Kc2 Rbb8 39. Kb2 Rb7 40. h5 Nf8 41. hxg6 Nfxg6 42. f5 Nf8 43. e4 Rh8 44. e5 Rh3 45. Qg2 Rh8 46. Re1 Rg8 47. Qh3 g5 48. exf6 Qxf6 49. Ne5+ Bxe5 50. dxe5 Qf7 51. Rf1 1-0

[Event "Carlos Torre Memorial op 20th"]
[Site "Merida"]
[Date "2007.12.15"]
[Round "1"]
[White "Graf, Alexander"]
[Black "Nunez Hirales, Juan Alejandro"]
[Result "1-0"]
[WhiteElo "2574"]
[BlackElo "2129"]
[PlyCount "59"]
[EventDate "2007.12.15"]
[EventType "swiss"]
[EventRounds "9"]
[EventCountry "MEX"]
[SourceTitle "CBM 121 Extra"]
[Source "ChessBase"]
[SourceDate "2008.01.10"]
[SourceVersion "1"]
[SourceVersionDate "2008.01.10"]
[SourceQuality "1"]

1. d4 d5 2. c4 c6 3. Nc3 Nf6 4. cxd5 cxd5 5. Bf4 a6 6. e3 Nc6 7. Rc1 e6 8. Bd3 Bd6 9. Bg3 Qc7 10. Nf3 0-0 11. 0-0 Bxg3 12. hxg3 Qd6 13. Qe2 Re8 14. e4 dxe4 15. Nxe4 Nxe4 16. Qxe4 g6 17. Qh4 Qf8 18. Be4 Bd7 19. d5 exd5 20. Bxd5 h6 21. Nd2 Re5 22. Ne4 Qe7 23. Rfd1 Kg7 24. Nd6 Be8 25. Qxe7 Rxe7 26. a3 Rb8 27. b4 f6 28. Nxe8+ Rexe8 29. Bxc6 bxc6 30. Rd7+ 1-0

[Event "MEX-ch Nat & Int 48th"]
[Site "Hermosillo"]
[Date "2002.03.30"]
[Round "7"]
[White "Galaviz Valdez, Manuel Antonio"]
[Black "Nunez Hirales, Juan Alejandro"]
[Result "1/2-1/2"]
[WhiteElo "2110"]
[BlackElo "1640"]
[PlyCount "54"]
[EventDate "2002.03.26"]
[EventType "swiss"]
[EventRounds "9"]
[EventCountry "MEX"]
[SourceTitle "EXT 2003"]
[Source "ChessBase"]
[SourceDate "2002.11.25"]
[SourceVersion "1"]
[SourceVersionDate "2002.11.25"]
[SourceQuality "1"]

1. d4 d5 2. Nf3 Nf6 3. e3 e6 4. Bd3 c5 5. c3 Nc6 6. Nbd2 Be7 7. 0-0 0-0 8. Ne5 Qc7 9. f4 g6 10. g4 Nd7 11. g5 Ndxe5 12. dxe5 b6 13. Qg4 Qd8 14. Qh3 Bxg5 15. Nf3 Be7 16. Qh6 Kh8 17. Bb5 Bd7 18. Bxc6 Bxc6 19. Ng5 Bxg5 20. fxg5 Qd7 21. Rf4 Rg8 22. Bd2 Rg7 23. Raf1 Bb5 24. Re1 Bd3 25. Qh4 Qc7 26. Qf2 Qe7 27. h4 Kg8 1/2-1/2